Descobreix les empreses de la Xarxa
Descripción Física:
1 punt de llibre : il. col. ; 5 x 18 cm
Idioma:
Catalán
MARC
| LEADER | 00000nrm a2200000 a 4500 | ||
|---|---|---|---|
| 001 | 28489 | ||
| 003 | AGDB | ||
| 005 | 20260324181524.0 | ||
| 008 | 220422b spa||||| |||| 00| 0 cat d | ||
| 017 | |a B 20097-2023 | ||
| 040 | |a agdb |b cat | ||
| 110 | 2 | |a Xarxa Productes de la Terra |9 51984 | |
| 245 | |a Descobreix les empreses de la Xarxa | ||
| 260 | |a Barcelona : |b Diputació de Barcelona ; |c 2023 | ||
| 300 | |a 1 punt de llibre : |b il. col. ; |c 5 x 18 cm | ||
| 500 | |a Inclou un codi QR per poder descarregar-se el "Directori de la Xarxa Productes de la Terra 2023" | ||
| 650 | 0 | |a Aliments locals |z Catalunya |9 53402 | |
| 655 | 0 | |a Punts de llibre |9 52700 | |
| 710 | 1 | |a Barcelona (Catalunya : Província). |b Diputació |9 52408 | |
| 942 | |c ARXIU |n 1 | ||
| 952 | |0 0 |1 0 |4 0 |6 NBM182 |7 1 |9 96950 |a Arxiu |b Arxiu |d 2024-04-15 |l 0 |o NBM-18-2 |p 28489 |r 2024-04-15 00:00:00 |w 2024-04-15 |y ARXIU | ||
| 999 | |c 128797 |d 128797 | ||